For the Birds? Quiz Stats

Quiz Updated May 21, 2013

Challenge
Share
Tweet
Embed
Score 0/30 Timer 04:00
0 Plays Today
% Correct
Crane
89%
Teal
88.6%
Swift
88.2%
Merlin
86.9%
Flicker
86.3%
Eagle
86%
Kite
85.8%
Duck
84.8%
Chat
84.4%
Finch
83.5%
Cuckoo
82.9%
Stint
79.3%
Vulture
77.8%
Parrot
77.4%
Canary
76.5%
% Correct
Stilt
70.4%
Crow
67.2%
Starling
66.4%
Hawk
66.3%
Grouse
66.1%
Dove
65.7%
Lark
64.1%
Ruff
62.1%
Wren
52%
Goose
51.8%
Jay
49.8%
Quail
47.8%
Robin
47.7%
Warbler
38.2%
Gull
32.6%

You're not logged in!

Compare scores with friends on all Sporcle quizzes.
Join for Free
OR
Log In

You Might Also Like...

Show Comments

Extras

Top Quizzes Today


Score Distribution

Your Account Isn't Verified!

In order to create a playlist on Sporcle, you need to verify the email address you used during registration. Go to your Sporcle Settings to finish the process.

Report this User

Report this user for behavior that violates our Community Guidelines.

Details: